000 00342 a2200157 4500
001 68393
020 _a9786556132846
040 _cAnchieta - Pituba
100 _aMaria, Mateus de Godoi
240 1 0 _aGeografia 8º ano
_l
245 1 0 _aGeografia 8º ano
300 _a304
362 0 _a2023
650 4 _aGeografia e viagens
942 _cBK
999 _c68393
_d68393